27 Members of the European Untion Quiz Stats

Quiz not verified by Sporcle

Challenge
Share
Tweet
Embed
Score 0/27 Timer 10:00
0 Plays Today
% Correct
Germany
98.8%
Sweden
98.8%
Spain
98.2%
Finland
97.7%
France
97.7%
Portugal
97.7%
Ireland
95.9%
Italy
95.9%
Netherlands
95.9%
Poland
95.9%
Austria
95.3%
Belgium
95.3%
Czech Republic
95.3%
Greece
95.3%
% Correct
Denmark
94.7%
Luxembourg
93%
Lithuania
92.4%
Latvia
91.8%
Romania
91.8%
Hungary
91.2%
Slovakia
90.6%
Slovenia
90.6%
Estonia
90.1%
Bulgaria
88.3%
United Kingdom
86%
Malta
82.5%
Cyprus
77.8%

You're not logged in!

Compare scores with friends on all Sporcle quizzes.
Sign Up with Email
OR
Log In

You Might Also Like...

Show Comments

Extras

Top Quizzes Today


Score Distribution

Your Account Isn't Verified!

In order to create a playlist on Sporcle, you need to verify the email address you used during registration. Go to your Sporcle Settings to finish the process.

Report this User

Report this user for behavior that violates our Community Guidelines.

Details: